| 000 | 00489nam a2200181Ia 4500 | ||
|---|---|---|---|
| 001 | 8583 | ||
| 005 | 20260306160620.0 | ||
| 008 | 260306t1977||||xx |||||||||||||| ||spa|| | ||
| 041 | _aESP | ||
| 082 |
_a371.192 _bO66 |
||
| 100 |
_aXII Asamblea de Asociaciones de Padres de los Colegios de Fomento de Centros de Enseñanza _eAUT |
||
| 245 | 0 | _aOrientación de padres | |
| 260 | _c1977 | ||
| 300 |
_a130 páginas : _c21 cm. |
||
| 650 | _aGEN | ||
| 654 | _aCED | ||
| 942 |
_cLIB _dJUS _fJUS _2ddc _n |
||
| 999 |
_c8583 _d8583 |
||